Channel catfish farming handbook

שמור ב:
מידע ביבליוגרפי
מחבר ראשי: Tucker, Craig S.
פורמט: ספר
שפה:Undetermined
יצא לאור: New York Chapman & Hall/International Thomson Publishing 1991
נושאים:
תגים: הוספת תג
אין תגיות, היה/י הראשונ/ה לתייג את הרשומה!
Thư viện lưu trữ: Trung tâm Học liệu Trường Đại học Cần Thơ
LEADER 00548nam a2200181Ia 4500
001 CTU_38801
008 210402s9999 xx 000 0 und d
082 |a 639.3752 
082 |b T891/1991 
100 |a Tucker, Craig S. 
245 0 |a Channel catfish farming handbook 
245 0 |c Craig S. Tucker and Edwin H. Robinson 
260 |a New York 
260 |b Chapman & Hall/International Thomson Publishing 
260 |c 1991 
650 |a Channel catfish,Fish-culture 
904 |i Giang 
980 |a Trung tâm Học liệu Trường Đại học Cần Thơ